| 000 | 00777 a2200181 4500 | ||
|---|---|---|---|
| 999 |
_c2711 _d2711 |
||
| 020 | _a0750705167 (pbk. : alk. paper) | ||
| 050 | 0 | 0 | _aLB 1050.75 LOU 1996 |
| 100 | 1 |
_aLoughran, John _d1957- _eauthor. |
|
| 245 | 1 | 0 |
_aDeveloping reflective practice : _blearning about teaching and learning through modelling / _cJ. John Loughran. |
| 264 |
_aLondon, Washington D.C.: _bFalmer Press, _c1996 |
||
| 300 |
_aviii, 202p. : _bill. |
||
| 500 | _aIncludes bibliographical references (p. 194-197) and indexes. | ||
| 504 | _aIncludes bibliographical references (p. 194-197) and indexes. | ||
| 650 | 0 | _aTeaching. | |
| 650 | 0 | _aThought and thinking. | |
| 942 |
_2lcc _cBK _h1050.75 _iLOU _kLB |
||